American Cities By Satellite Image - Statistics

General Stats
  • This quiz has been taken 47 times
  • The average score is 9 of 11
Answer Stats
Picture Answer % Correct
San Francisco
95%
Los Angeles
89%
Seattle
84%
New Orleans
82%
Boston
80%
Denver
80%
Detroit
80%
Tampa
77%
Washington
73%
Pittsburgh
70%
Baltimore
68%
No matching quizzes found
Score Distribution
Percent of People with Each Score
Percentile by Number Answered
Your Score History
You have not taken this quiz